Obras selectas / (Registro nro. 7960)

Detalles MARC
000 -LIDER
fixed length control field 02454nam a2200361 a 4500
001 - NÚMERO DE CONTROL
Identificador de número de control 000026476
003 - IDENTIFICACDOR DE NÚMERO DE CONTROL
control field DO-SdBNP
005 - DATE AND TIME OF LATEST TRANSACTION
control field 20180215133533.0
007 - CAMPOS FIJOS DE DESCRIPCIÓN FÍSICA
fixed length control field 000026476
008 - ELEMENTOS DE LONGITUD FIJA
fixed length control field 110321s2011 dr 001 0 spa d
020 ## - ISBN
International Standard Book Number 9789945074246
040 ## - FUENTE DE CATALOGACIÓN
Agencia que crea de manera original el registro BPMSU
Idioma de catalogación spa
Agencia que realiza la transcripción BPMSU
082 #4 - NÚMERO DE CLASIFICACIÓN DECIMAL DE DEWEY
Classification number RD868.44
Item number Z18ó
100 1# - ASIENTO PRINCIPAL -- NOMBRE PERSONAL
Nombre personal Zaglul, Antonio,
Fechas asociadas con el nombre 1920-1996
245 10 - MENCIÓN DE TITULO
Título Obras selectas /
Mención de responsabilidad Antonio Zaglul ; editor Andrés Blanco Díaz.
260 ## - PUBLICACIÓN, DISTRIBUCIÓN, ETC. (PIE DE IMPRENTA)
Lugar de publicación, distribución, etc Santo Domingo :
Nombre del editor, distribuidor, etc. BanReservas,
Fecha de publicación, distribución, etc 2011.
300 ## - DESCRIPCIÓN FÍSICA
Extensión 2 v. ;
Dimensiones 27 cm.
490 1# - MENCIÓN DE SERIES
Mención de serie Archivo General de la Nación
Volume/sequential designation 131
500 ## - NOTA GENERAL
Nota general Incluye índice onomástico
504 ## - NOTA DE BIBLIOGRAFÍA, ETC.
Bibliography, etc Bibliografía : p. 489
505 ## - NOTA DE CONTENIDO
Información miscelánea V. 1 :
Título Mis500 locos --
Texto normalizado de contenido Presentación -- <br/>
Título Memoria del director de un manicomio --
-- Motivación --<br/>
-- La llegada --
-- Recordando al Padre Billini --<br/>
-- Trementina, clerén y bongó. -- <br/>
-- Fiesta dominical -- <br/>
-- Historia de los manicomios -- <br/>
-- Los enfermeros --<br/>
-- Un extraño cargamento -- <br/>
-- Los mellizos se encuentran -- <br/>
-- El padre Wheaton -- <br/>
-- El día que los locos callaron --<br/>
-- La Psiquiatría evoluciona --
-- La mente y sus enfermedades --<br/>
-- El mundo misterioso de los esquizofrénicos --
-- El mundo de los psicópatas --
-- Las neurosis -- <br/>
-- Las psicosis --
-- Autobiografía de una esquizofrénica -- <br/>
-- Plinio --
-- El corredor -- <br/>
-- El liniero que lo sabía todo -- <br/>
-- El maestro --
-- El loco que nunca reía --
-- El venezolano -- <br/>
-- En el mundo de la tristeza y de la alegría anormal. La locura maníaco-depresiva --<br/>
-- La tristeza invade el Manicomio --
-- Una apuesta macabra --
-- Los maníacos <br/>
-- Epilepsia --<br/>
-- “La gota”, palabra maldita --
-- Más ladrón que loco -- <br/>
-- El amigo Bernardo --
-- El veterano --<br/>
-- Recordando al Padre Billini --
-- Trementina, clerén y bongó -- <br/>Icargamento --
Mención de responsabilidad Daniel Toribio /
505 ## - NOTA DE CONTENIDO
Información miscelánea V. 2 :
Texto normalizado de contenido Temas de psiquiatría y medicina -- <br/>
Título Sobre el comportamiento social y la cultura dominicana --
-- Personajes y amigos en el recuerdo --
600 14 - ENCABEZAMIENTO DE MATERIA--NOMBRE PERSONAL
Nombre personal ZAGLUL, ANTONIO,
Fechas asociadas con el nombre 1920-1996
600 14 - ENCABEZAMIENTO DE MATERIA--NOMBRE PERSONAL
Nombre personal RODRÍGUEZ, EVANGELINA,
Fechas asociadas con el nombre 1879-1947
650 #4 - ENCABEZAMIENTO DE MATERIA--TEMÁTICO
Término temático o nombre geográfico como elemento de entrada PSIQUIATRÍA
Subdivisión temática general ENSAYOS, CONFERENCIAS, ETC.
650 #4 - ENCABEZAMIENTO DE MATERIA--TEMÁTICO
Término temático o nombre geográfico como elemento de entrada SALUD PÚBLICA
Subdivisión temática general ENSAYOS, CONFERENCIAS, ETC.
700 1# - ASIENTO SECUNDARIO -- NOMBRE PERSONAL
Nombre personal Blanco Díaz, Andrés,
Mención de responsabilidad ed.
830 #0 - ASIENTO SECUNDARIO DE SERIE--TÍTULO UNIFORME
Título uniforme Archivo General de la Nación
Volume number/sequential designation 131
910 ## - VALIDACIÓN
Validación Validado. Control de calidad BNPHU
942 ## - ADDED ENTRY ELEMENTS (KOHA)
Source of classification or shelving scheme Dewey Decimal Classification
Koha item type Libros
945 ## - INFORMACIÓN DE PROCESAMIENTO LOCAL
Información de procesamiento local Inventariado / 2017 VM
956 ## - LOCAL ELECTRONIC LOCATION AND ACCESS (OCLC)
Nombre de host VMATEO
Número de acceso 10
Información de compresión 20150712
Inicio de sesión BPMSU
Procesador de solicitud 00151
Existencias
Withdrawn status Lost status Source of classification or shelving scheme Damaged status Not for loan Collection code Home library Current library Date acquired Total Checkouts Full call number Barcode Date last seen Copy number Price effective from Koha item type
    Dewey Decimal Classification     Colección Dominicana Biblioteca Pública Metropolitana Salomé Ureña Biblioteca Pública Metropolitana Salomé Ureña 07/14/2015   RD868.44 Z18o BPMSU15070202 07/14/2015 v. 1 07/14/2015 Libros
    Dewey Decimal Classification     Colección Dominicana Biblioteca Pública Metropolitana Salomé Ureña Biblioteca Pública Metropolitana Salomé Ureña 07/14/2015   RD868.44 Z18o BPMSU15070203 07/14/2015 v. 2 07/14/2015 Libros